000 00660nam a2200205 a 4500
001 000004548
005 20200929151447.0
008 890124s1987 sp 000 0 ger
020 _a8476690436
040 _aDO-SdBNP
_bspa
_cBNPHU
082 _a891.818
_bC221c
100 1 _aCanetti, Elías,
_d1905-1994.
_913290
245 1 3 _aEl corazón secreto del reloj :
_bapuntes, 1973-1985 /
_cElías Canetti; traducción de Juan José del Solar.
260 _aBarcelona :
_bMuchnik,
_c1987.
300 _a218 p. ;
_c20 cm.
490 1 _aEnsayo
_v19
650 4 _aLiteratura búlgara
_913291
700 1 _aSolar, Juan José del
_etr.
_913292
830 0 _aEnsayo
_n19
_913293
999 _c4356
_d4356